Science Quiz

Random Science or Chemistry Quiz

Composition of Air Quiz Stats

 Plays Quiz Updated Nov 17, 2017

Support Sporcle.
Go Orange.
Score 0/10 Timer 03:00
2 Plays Today
Approx. Vol. Gas % Correct
20.9%Oxygen
99.2%
78.1%Nitrogen
95.4%
.0005%Helium
79.8%
.00005%Hydrogen
79.7%
.04%Carbon Dioxide
71.4%
.93%Argon
61.9%
.002%Neon
55.4%
.0001%Krypton
31.8%
.0002%Methane
29.2%
.00003%Nitrous Oxide
12.3%

You're not logged in!

Compare scores with friends on all Sporcle quizzes.
OR
Log In

From the Vault

Word Lattice

by sproutcm

It probably looks very lovely in the summertime.
Remove Ads.
Support Sporcle.
Get the best of Sporcle when you Go Orange. This ad-free experience offers more features, more stats, and more fun while also helping to support Sporcle. Thank you for becoming a member.

Show Comments

Extras

Top Quizzes Today


Score Distribution

Your Account Isn't Verified!

In order to create a playlist on Sporcle, you need to verify the email address you used during registration. Go to your Sporcle Settings to finish the process.

Report this User

Report this user for behavior that violates our Community Guidelines.

Details: